[Event "Natal op"]
[Site "Natal"]
[Date "2013.09.08"]
[Round "5"]
[White "Vieira, Joadson do Nascimen"]
[Black "Meirelles, Olyntho Vitoria"]
[Result "0-1"]
[WhiteElo "1800"]
[BlackElo "1806"]
[PlyCount "36"]
[EventDate "2013.09.06"]
[EventType "swiss"]
[EventRounds "6"]
[EventCountry "BRA"]
[SourceTitle "EXT 2016"]
[Source "ChessBase"]
[SourceDate "2015.10.08"]
[SourceVersion "1"]
[SourceVersionDate "2015.10.08"]
[SourceQuality "1"]

1. e4 c5 2. Nc3 Nc6 3. Nf3 d6 4. Bc4 Nf6 5. 0-0 Bg4 6. d3 h6 7. Bb5 e6 8. Bxc6+ bxc6 9. Qe2 Be7 10. b3 0-0 11. a3 Qc7 12. Rb1 Bh5 13. b4 cxb4 14. axb4 Rab8 15. Ba3 Nd7 16. Na4 Ne5 17. Qd2 Bxf3 18. gxf3 Nxf3+ 0-1